Hospodársky vývoj Japonska na začiatku 21. storočia bakalárska práca

Salvato in:
Dettagli Bibliografici
Autore principale: Mišová, Beáta
Ente Autore: Fakulta medzinárodných vzťahov EU. Katedra medzinárodných ekonomických vzťahov a hospodárskej diplomacie
Altri autori: Šabo, Marián
Natura: Libro
Lingua:slovacco
Pubblicazione: Bratislava 2012
Tags: Aggiungi Tag
Nessun Tag, puoi essere il primo ad aggiungerne!!

MARC

LEADER 00000nbm a2200000 4500
001 0158678
005 20161109112004.7
041 0 |a slo 
044 |a SK 
245 1 0 |a Hospodársky vývoj Japonska na začiatku 21. storočia  |b bakalárska práca  |c Beáta Mišová ; školiteľ: Marián Šabo 
264 1 |a Bratislava  |c 2012 
300 |a 31 s. 
100 1 |a Mišová, Beáta 
700 1 |a Šabo, Marián 
710 2 |a Fakulta medzinárodných vzťahov EU. Katedra medzinárodných ekonomických vzťahov a hospodárskej diplomacie